00926nam a2200253 a 450000100060000000300080000600500170001400800410003103500190007204000230009104100080011408200220012210000430014424500560018726000350024330000330027849000600031150400410037165000290041283000680044194200120050999900170052195201340053869770BD-RjUL20211209081926.0700820s1970 nyua b 001 0 eng  a(BD-RjUL)69982 aDLCcDLCdDLCbeng aeng00223a548bBUC 19701 aBuerger, Martin Julian,d1903-920666110aContemporary crystallography /c Martin J. Buerger. aNew York :bMcGraw-Hill,c1970 axi, 364 p. :bill. ;c24 cm.0 aMcGraw-Hill series in materials science and engineering aIncludes bibliographical references. 0aCrystallography.9142963 aMcGraw-Hill series in materials science and engineering9158196 2ddccBK c69770d69770 00102ddc40718NFICaRUCLbRUCLcReadingd1983-05-15eHefforsg23.50l0o548 BUC 1970r2017-04-13 00:00:00tC-1w2017-04-13yBK